[Event "La Roda op 45th"]
[Site "La Roda"]
[Date "2018.03.28"]
[Round "1"]
[White "Iglesias Garcia, Jorge"]
[Black "Espinosa Aranda, Angel"]
[Result "0-1"]
[WhiteElo "1972"]
[BlackElo "2472"]
[PlyCount "88"]
[EventDate "2018.03.28"]
[EventType "swiss"]
[EventRounds "9"]
[EventCountry "ESP"]
[SourceTitle "CBM 183 Extra"]
[Source "ChessBase"]
[SourceDate "2018.04.19"]
[SourceVersion "1"]
[SourceVersionDate "2018.04.19"]
[SourceQuality "1"]

1. d4 Nf6 2. Nf3 c5 3. c3 Qc7 4. e3 g6 5. Nbd2 Bg7 6. Bd3 0-0 7. 0-0 d6 8. e4 Nc6 9. d5 Nb8 10. Rb1 e6 11. c4 Na6 12. a3 Bd7 13. b3 Rae8 14. Bb2 e5 15. Ne1 Ng4 16. h3 Nh6 17. f4 exf4 18. Bxg7 Kxg7 19. Rxf4 f6 20. g4 Nf7 21. Ng2 Qa5 22. Qc1 Ne5 23. Be2 b5 24. cxb5 Bxb5 25. Nc4 Bxc4 26. bxc4 Nc7 27. g5 fxg5 28. Rxf8 Rxf8 29. Qxg5 Qc3 30. Rf1 Rxf1+ 31. Kxf1 Nf7 32. Qe3 Qa1+ 33. Kf2 Qf6+ 34. Qf4 Ng5 35. Qxf6+ Kxf6 36. h4 Nxe4+ 37. Ke3 Ng3 38. Bd3 Nh5 39. Ke4 Ne8 40. Ne3 Ke7 41. Ng4 Nef6+ 42. Nxf6 Kxf6 43. Bc2 Ng7 44. Kf4 h5 0-1

[Event "Almansa U2000 op 10th"]
[Site "Almansa"]
[Date "2015.08.10"]
[Round "2.3"]
[White "Rubio Cuartero, Javier"]
[Black "Iglesias Garcia, Jorge"]
[Result "0-1"]
[WhiteElo "1771"]
[BlackElo "1994"]
[PlyCount "74"]
[EventDate "2015.08.09"]
[EventType "swiss"]
[EventRounds "9"]
[EventCountry "ESP"]
[SourceTitle "EXT 2024"]
[Source "ChessBase"]
[SourceDate "2023.10.10"]
[SourceVersion "1"]
[SourceVersionDate "2023.10.10"]
[SourceQuality "1"]

1. d4 Nf6 2. c4 e6 3. Nf3 d5 4. Nc3 c6 5. Bg5 Nbd7 6. e3 Qa5 7. Nd2 dxc4 8. Bxf6 Nxf6 9. Nxc4 Qd8 10. Bd3 g6 11. 0-0 Bg7 12. Ne5 0-0 13. Rc1 Nd5 14. Nf3 b6 15. a3 Bb7 16. b4 Rc8 17. Qa4 a6 18. Rfd1 c5 19. Nxd5 b5 20. Qa5 Qxd5 21. bxc5 f5 22. a4 g5 23. axb5 axb5 24. Qxb5 g4 25. Ne1 Bc6 26. Qc4 Qd7 27. Ra1 Rf6 28. Bf1 Rh6 29. Qe2 Qe8 30. f3 Qh5 31. g3 gxf3 32. Qf2 Kh8 33. Ra6 Bd5 34. Rd2 Rg8 35. Nd3 Qe8 36. Nf4 Bb7 37. Rb6 Qc8 0-1

[Event "Benidorm op U2000 11th"]
[Site "Benidorm"]
[Date "2012.12.08"]
[Round "10"]
[White "Iglesias Garcia, Jorge"]
[Black "Sumin, Vladyslav"]
[Result "0-1"]
[WhiteElo "1968"]
[BlackElo "1983"]
[PlyCount "116"]
[EventDate "2012.11.30"]
[EventType "swiss"]
[EventRounds "10"]
[EventCountry "ESP"]
[SourceTitle "EXT 2014"]
[Source "ChessBase"]
[SourceDate "2013.11.20"]
[SourceVersion "1"]
[SourceVersionDate "2013.11.20"]
[SourceQuality "1"]

1. Nf3 Nf6 2. g3 c5 3. Bg2 Nc6 4. d3 g6 5. 0-0 Bg7 6. c4 0-0 7. Nc3 d5 8. cxd5 Nxd5 9. Bd2 h6 10. Nxd5 Qxd5 11. Bc3 Qd6 12. Bxg7 Kxg7 13. Rc1 Be6 14. a3 Rac8 15. Qd2 b6 16. Qc3+ Kh7 17. Nd2 Nd4 18. Rfe1 Bg4 19. Ne4 Qe6 20. f3 Bf5 21. Nf2 Qxe2 22. f4 Rfe8 23. Qc4 Be6 24. Bd5 Bxd5 25. Qxd5 Nf3+ 26. Kg2 Nxe1+ 27. Rxe1 Qxb2 28. Qxf7+ Qg7 29. Qe6 Qf6 30. Qd7 Qc6+ 31. Qxc6 Rxc6 32. Ng4 Kg7 33. Re4 Rd6 34. Ne5 b5 35. Kf2 h5 36. Ke3 Red8 37. Ke2 Rd4 38. Re3 R4d6 39. Nf3 Kf6 40. Ng5 Rc6 41. Nh7+ Kf7 42. Ng5+ Ke8 43. Nf3 Rdd6 44. Ne5 Ra6 45. g4 hxg4 46. Rg3 Rxa3 47. Rxg4 Ra2+ 48. Ke3 Rxh2 49. f5 Rh3+ 50. Kd2 Kf8 51. Nxg6+ Kf7 52. Nf4 Rh2+ 53. Ke3 Kf6 54. Rg8 Kxf5 55. Rf8+ Kg5 56. Ke4 Rh4 57. Ke5 Rxf4 58. Rxf4 Re6+ 0-1

[Event "Almansa U2000 op 7th"]
[Site "Almansa"]
[Date "2012.08.10"]
[Round "7"]
[White "Portillo Castellon, Javier"]
[Black "Iglesias Garcia, Jorge"]
[Result "0-1"]
[WhiteElo "1884"]
[BlackElo "1965"]
[PlyCount "130"]
[EventDate "2012.08.07"]
[EventType "swiss"]
[EventRounds "9"]
[EventCountry "ESP"]
[SourceTitle "EXT 2024"]
[Source "ChessBase"]
[SourceDate "2023.10.10"]
[SourceVersion "1"]
[SourceVersionDate "2023.10.10"]
[SourceQuality "1"]

1. d4 d5 2. c4 c6 3. Nc3 Nf6 4. e3 e6 5. Qc2 Nbd7 6. Nf3 Bd6 7. Bd3 dxc4 8. Bxc4 b5 9. Bd3 Bb7 10. 0-0 a6 11. Rd1 Qc7 12. Bd2 c5 13. Ne4 c4 14. Nxd6+ Qxd6 15. Be2 Be4 16. Qc1 Nd5 17. Ng5 Bg6 18. e4 h6 19. Nxf7 Bxf7 20. exd5 exd5 21. a3 a5 22. Bf4 Qg6 23. Qe3+ Kf8 24. Re1 Re8 25. Qh3 Be6 26. Bh5 Bxh3 27. Bxg6 Re6 28. Bd6+ Kg8 29. Rxe6 Bxe6 30. Re1 Bf7 31. Bxf7+ Kxf7 32. Re7+ Kf6 33. Rxd7 Ke6 34. Rxg7 Kxd6 35. Rg6+ Kc7 36. f4 b4 37. axb4 axb4 38. Kf2 Re8 39. Rxh6 c3 40. bxc3 b3 41. Rh7+ Kb6 42. Rh6+ Kb7 43. Rh7+ Kc8 44. Rh6 Re7 45. Rb6 Rb7 46. Rxb3 Rxb3 47. h4 Rxc3 48. h5 Kd7 49. g4 Ke6 50. g5 Kf5 51. g6 Kf6 52. Kg2 Rb3 53. f5 Kxf5 54. g7 Rb8 55. Kg3 Kg5 56. Kf3 Re8 57. Kg3 Kxh5 58. Kf4 Kg6 59. g8Q+ Rxg8 60. Ke5 Rd8 61. Ke6 Kg5 62. Ke7 Ra8 63. Kd6 Ra5 64. Kc6 Kf5 65. Kb6 Ra4 0-1

[Event "ESP-ch U16"]
[Site "Salobrena"]
[Date "2012.07.21"]
[Round "9"]
[White "Iglesias Garcia, Jorge"]
[Black "Rubio Tent, Francisco"]
[Result "1/2-1/2"]
[WhiteElo "1912"]
[BlackElo "2120"]
[PlyCount "65"]
[EventDate "2012.07.16"]
[EventType "swiss"]
[EventRounds "9"]
[EventCountry "ESP"]
[SourceTitle "EXT 2014"]
[Source "ChessBase"]
[SourceDate "2013.11.20"]
[SourceVersion "1"]
[SourceVersionDate "2013.11.20"]
[SourceQuality "1"]

1. d4 d5 2. c4 e6 3. Nc3 c5 4. e3 Nc6 5. cxd5 exd5 6. Nf3 Nf6 7. Bb5 Be7 8. Ne5 Qd6 9. Qa4 Bd7 10. Nxd7 Nxd7 11. b3 Bf6 12. Ba3 0-0 13. Bxc6 bxc6 14. Ne2 Rfb8 15. Rc1 Rb5 16. Nc3 Rb7 17. Bxc5 Nxc5 18. dxc5 Qxc5 19. Ne2 Qb5 20. Qxb5 cxb5 21. Rc5 Rd8 22. 0-0 Be7 23. Rc2 Rbd7 24. Nd4 a6 25. Nc6 Re8 26. Nxe7+ Rdxe7 27. Rd1 Rd7 28. Kf1 Kf8 29. Rc6 Re6 30. Rc8+ Ke7 31. Rd4 g6 32. Ke2 h5 33. Kd3 1/2-1/2

[Event "ESP-ch U16"]
[Site "Salobrena"]
[Date "2012.07.18"]
[Round "5"]
[White "Iglesias Garcia, Jorge"]
[Black "Gutierrez Valero, Mario"]
[Result "1/2-1/2"]
[WhiteElo "1912"]
[BlackElo "2135"]
[PlyCount "44"]
[EventDate "2012.07.16"]
[EventType "swiss"]
[EventRounds "9"]
[EventCountry "ESP"]
[SourceTitle "EXT 2014"]
[Source "ChessBase"]
[SourceDate "2013.11.20"]
[SourceVersion "1"]
[SourceVersionDate "2013.11.20"]
[SourceQuality "1"]

1. d4 Nf6 2. c4 g6 3. Nc3 Bg7 4. e4 d6 5. Nf3 0-0 6. h3 e5 7. d5 a5 8. Be3 Na6 9. g4 Nd7 10. Be2 Ndc5 11. Qd2 f5 12. gxf5 gxf5 13. Bh6 Bxh6 14. Qxh6 Qf6 15. Rg1+ Kh8 16. Rg6 Qxg6 17. Qxf8+ Qg8 18. Qf6+ Qg7 19. Qd8+ Qg8 20. Qf6+ Qg7 21. Qd8+ Qg8 22. Qf6+ Qg7 1/2-1/2

[Event "ESP-ch U16"]
[Site "Salobrena"]
[Date "2012.07.17"]
[Round "3"]
[White "Suarez Garcia, Carlos"]
[Black "Iglesias Garcia, Jorge"]
[Result "1-0"]
[WhiteElo "2306"]
[BlackElo "1912"]
[PlyCount "56"]
[EventDate "2012.07.16"]
[EventType "swiss"]
[EventRounds "9"]
[EventCountry "ESP"]
[SourceTitle "EXT 2014"]
[Source "ChessBase"]
[SourceDate "2013.11.20"]
[SourceVersion "1"]
[SourceVersionDate "2013.11.20"]
[SourceQuality "1"]

1. d4 d5 2. c4 c6 3. Nf3 Nf6 4. Nc3 e6 5. e3 Nbd7 6. Bd3 dxc4 7. Bxc4 b5 8. Bd3 a6 9. Qe2 Bb7 10. 0-0 Be7 11. Rd1 Qb6 12. e4 c5 13. d5 c4 14. Bc2 0-0-0 15. dxe6 fxe6 16. b3 Bb4 17. Bb2 cxb3 18. axb3 Kb8 19. Na2 Bd6 20. e5 Bxf3 21. gxf3 Nd5 22. exd6 Rhf8 23. Be4 Nf4 24. Qe3 Nh3+ 25. Kf1 Qxe3 26. fxe3 Nc5 27. Bc6 Rc8 28. Nb4 Nd7 1-0

[Event "Benidorm op U2200 10th"]
[Site "Benidorm"]
[Date "2011.12.10"]
[Round "10"]
[White "Iglesias Garcia, Jorge"]
[Black "Bru Rullo, Llatzer"]
[Result "1/2-1/2"]
[WhiteElo "1885"]
[BlackElo "1985"]
[PlyCount "79"]
[EventDate "2011.12.02"]
[EventType "swiss"]
[EventRounds "10"]
[EventCountry "ESP"]
[SourceTitle "CBM 145 Extra"]
[Source "ChessBase"]
[SourceDate "2012.01.03"]
[SourceVersion "1"]
[SourceVersionDate "2012.01.03"]
[SourceQuality "1"]

1. d4 d5 2. c4 c6 3. cxd5 cxd5 4. Nc3 Nc6 5. Nf3 Nf6 6. Bf4 a6 7. e3 Bf5 8. Be2 e6 9. a3 Be7 10. Rc1 0-0 11. 0-0 Nh5 12. Bg3 Nxg3 13. hxg3 Bg6 14. Na4 Rc8 15. Nc5 Bxc5 16. Rxc5 f6 17. Qd2 Qd7 18. Rfc1 Na7 19. b4 Rc6 20. R1c3 Rfc8 21. Qc1 Be8 22. Nd2 Rxc5 23. Rxc5 Rxc5 24. Qxc5 Nc8 25. Nb3 b6 26. Qc3 Qb7 27. f3 Bb5 28. Kf2 Nd6 29. Nd2 Kf7 30. g4 Ke7 31. Qc2 g6 32. a4 Qc6 33. Qxc6 Bxc6 34. a5 bxa5 35. bxa5 Bb5 36. Nb3 Bxe2 37. Kxe2 Nc4 38. Nc5 Nxa5 39. Nxa6 Nc4 40. Kd3 1/2-1/2

[Event "Benidorm op U2200 10th"]
[Site "Benidorm"]
[Date "2011.12.09"]
[Round "9"]
[White "Moya Mallafre, Erik"]
[Black "Iglesias Garcia, Jorge"]
[Result "0-1"]
[WhiteElo "1989"]
[BlackElo "1885"]
[PlyCount "112"]
[EventDate "2011.12.02"]
[EventType "swiss"]
[EventRounds "10"]
[EventCountry "ESP"]
[SourceTitle "CBM 145 Extra"]
[Source "ChessBase"]
[SourceDate "2012.01.03"]
[SourceVersion "1"]
[SourceVersionDate "2012.01.03"]
[SourceQuality "1"]

1. Nf3 d5 2. c4 c6 3. g3 Nf6 4. Bg2 e6 5. b3 Nbd7 6. 0-0 Bd6 7. Ba3 Bxa3 8. Nxa3 Qe7 9. Nc2 e5 10. cxd5 cxd5 11. d3 0-0 12. Ne3 Nb6 13. Qc2 Ng4 14. Nxg4 Bxg4 15. h3 Bf5 16. Nh4 Be6 17. Qc3 f6 18. Qa5 Rfc8 19. Rfc1 Rc6 20. Rxc6 bxc6 21. Rc1 Rc8 22. b4 Qd7 23. a4 d4 24. Qa6 Rc7 25. b5 cxb5 26. Rxc7 Qxc7 27. Qxb5 Kf7 28. a5 Nd7 29. Bd5 g6 30. Nf3 Qd6 31. Bc4 Ke7 32. Kg2 Qc5 33. Qa6 Bxc4 34. dxc4 Qc7 35. Nd2 Nc5 36. Qb5 a6 37. Qb4 Qb7+ 38. Qxb7+ Nxb7 39. Nb3 Kd6 40. f4 Nc5 41. fxe5+ fxe5 42. Nxc5 Kxc5 43. Kf3 Kxc4 44. Ke4 Kb5 45. Kxe5 Kxa5 46. Kxd4 Kb6 47. Kd5 a5 48. e4 a4 49. Kd6 a3 50. e5 a2 51. e6 a1Q 52. e7 Qd4+ 53. Ke6 Qe4+ 54. Kf7 Qf5+ 55. Kg7 Qe6 56. Kf8 Qf6+ 0-1

[Event "Benidorm op U2200 10th"]
[Site "Benidorm"]
[Date "2011.12.05"]
[Round "4"]
[White "Iglesias Garcia, Jorge"]
[Black "Campos Cayuelas, Adria"]
[Result "0-1"]
[WhiteElo "1885"]
[BlackElo "1979"]
[PlyCount "119"]
[EventDate "2011.12.02"]
[EventType "swiss"]
[EventRounds "10"]
[EventCountry "ESP"]
[SourceTitle "CBM 145 Extra"]
[Source "ChessBase"]
[SourceDate "2012.01.03"]
[SourceVersion "1"]
[SourceVersionDate "2012.01.03"]
[SourceQuality "1"]

1. d4 d5 2. c4 e6 3. Nf3 Nf6 4. Nc3 Be7 5. Bf4 c6 6. e3 Nbd7 7. Be2 dxc4 8. Bxc4 b5 9. Be2 a6 10. 0-0 0-0 11. a3 c5 12. dxc5 Nxc5 13. b4 Ncd7 14. Qb3 Bb7 15. Rfd1 Qb6 16. Rac1 Rac8 17. h3 Rfd8 18. Na2 Bd5 19. Qb2 Ne4 20. Rxc8 Rxc8 21. Rc1 Rxc1+ 22. Nxc1 Qc6 23. Nd3 Qc3 24. Nfe5 Nb6 25. f3 Na4 26. Qc1 Qxc1+ 27. Nxc1 Nec3 28. Bd3 f6 29. Nd7 e5 30. Bg3 Bd6 31. Be1 Bc6 32. Nc5 Bxc5 33. bxc5 e4 34. fxe4 Bxe4 35. Bxe4 Nxe4 36. c6 Kf7 37. Nd3 Ke6 38. Bb4 g5 39. Kf1 Nb6 40. Ba5 Nc4 41. Bd8 a5 42. Ke2 Kd6 43. c7 Kd7 44. Kf3 Ned2+ 45. Ke2 f5 46. g4 fxg4 47. Nc5+ Kc8 48. hxg4 Nb1 49. Kd3 Nbxa3 50. e4 Ne5+ 51. Kd4 Nac4 52. Kd5 a4 53. Bxg5 Kxc7 54. Bf4 Kb6 55. g5 Ng6 56. Nd7+ Ka5 57. Bc7+ Kb4 58. e5 a3 59. e6 a2 60. Ne5 0-1

[Event "Mondariz op 9th"]
[Site "Mondariz Balneario"]
[Date "2011.08.28"]
[Round "7.6"]
[White "Gonzalez Roca, Pablo"]
[Black "Iglesias Garcia, Jorge"]
[Result "1-0"]
[WhiteElo "2071"]
[BlackElo "1872"]
[PlyCount "119"]
[EventDate "2011.08.22"]
[EventType "swiss"]
[EventRounds "7"]
[EventCountry "ESP"]
[SourceTitle "EXT 2024"]
[Source "ChessBase"]
[SourceDate "2023.10.10"]
[SourceVersion "1"]
[SourceVersionDate "2023.10.10"]
[SourceQuality "1"]

1. e4 e6 2. d4 d5 3. Nc3 dxe4 4. Nxe4 Nd7 5. Nf3 Ngf6 6. Nxf6+ Nxf6 7. Bd3 Be7 8. Qe2 Bd7 9. 0-0 Bc6 10. Rd1 Qd5 11. Bf4 0-0-0 12. c4 Qh5 13. Ne5 Rxd4 14. Qxh5 Nxh5 15. Be3 Rxd3 16. Rxd3 Be4 17. Nxf7 Bxd3 18. Nxh8 Bxc4 19. Nf7 a6 20. b3 Bd5 21. Rc1 Nf6 22. Bf4 c6 23. Nd6+ Bxd6 24. Bxd6 Kd7 25. Bc5 Ke8 26. f3 Kf7 27. Kf2 g6 28. Ke3 Nd7 29. Bd6 e5 30. h4 Ke6 31. Ba3 Kf5 32. Be7 h6 33. Bd8 Nf8 34. g3 Nd7 35. Rf1 Nc5 36. g4+ Ke6 37. f4 exf4+ 38. Rxf4 Nd7 39. Ba5 Ne5 40. Bc3 g5 41. hxg5 hxg5 42. Rb4 c5 43. Rb6+ Bc6 44. Bxe5 Kxe5 45. a3 Kd6 46. b4 c4 47. a4 Kc7 48. a5 Kd6 49. Kd4 c3 50. Kxc3 Kd5 51. b5 Bxb5 52. Rxb7 Ba4 53. Rf7 Bd1 54. Rf5+ Ke4 55. Rxg5 Kf4 56. Rg6 Be2 57. Kd4 Bxg4 58. Rxg4+ Kxg4 59. Kc5 Kf5 60. Kb6 1-0

[Event "Mondariz op 9th"]
[Site "Mondariz Balneario"]
[Date "2011.08.25"]
[Round "4.1"]
[White "Iglesias Garcia, Jorge"]
[Black "Saborido Bua, Jorge"]
[Result "0-1"]
[WhiteElo "1872"]
[BlackElo "2008"]
[PlyCount "114"]
[EventDate "2011.08.22"]
[EventType "swiss"]
[EventRounds "7"]
[EventCountry "ESP"]
[SourceTitle "EXT 2024"]
[Source "ChessBase"]
[SourceDate "2023.10.10"]
[SourceVersion "1"]
[SourceVersionDate "2023.10.10"]
[SourceQuality "1"]

1. d4 d5 2. c4 c6 3. Nf3 Nf6 4. Nc3 e6 5. e3 Nbd7 6. b3 Bb4 7. Bd2 a5 8. Bd3 0-0 9. Qc2 h6 10. 0-0 Qc7 11. e4 dxe4 12. Nxe4 Bxd2 13. Nfxd2 e5 14. Nxf6+ Nxf6 15. dxe5 Qxe5 16. Rfe1 Qc7 17. Rad1 Bg4 18. f3 Be6 19. Ne4 Nxe4 20. Bxe4 Rfc8 21. Rd4 Rd8 22. Red1 Rxd4 23. Rxd4 Rd8 24. Rxd8+ Qxd8 25. Qd3 Qxd3 26. Bxd3 c5 27. Kf2 Kf8 28. Ke3 Ke7 29. Kf4 g5+ 30. Ke3 Kf6 31. g3 Bd7 32. Be4 b5 33. cxb5 Bxb5 34. Bd3 Bc6 35. Be4 Be8 36. Bd3 Ke6 37. f4 f6 38. g4 Bc6 39. Bf5+ Kd6 40. fxg5 hxg5 41. Bd3 Ke5 42. Bf5 a4 43. Bd3 a3 44. Bc2 Bd5 45. Bd1 Be6 46. h3 f5 47. gxf5 Bxf5 48. Bg4 Bb1 49. Bd1 Bxa2 50. Bc2 c4 51. bxc4 Bxc4 52. Bb1 Be6 53. Kd2 a2 54. Bxa2 Bxa2 55. Ke3 Bd5 56. h4 gxh4 57. Kf2 Kf4 0-1

[Event "ESP-ch U16"]
[Site "Padron"]
[Date "2011.07.22"]
[Round "6"]
[White "Iglesias Garcia, Jorge"]
[Black "Navarrete Espi, Samuel"]
[Result "0-1"]
[WhiteElo "1872"]
[BlackElo "2157"]
[PlyCount "64"]
[EventDate "2011.07.19"]
[EventType "swiss"]
[EventRounds "9"]
[EventCountry "ESP"]
[SourceTitle "CBM 143 Extra"]
[Source "ChessBase"]
[SourceDate "2011.08.29"]
[SourceVersion "1"]
[SourceVersionDate "2011.08.29"]
[SourceQuality "1"]

1. d4 Nf6 2. c4 g6 3. Nc3 Bg7 4. e4 d6 5. f4 0-0 6. Nf3 c5 7. d5 e6 8. Be2 exd5 9. cxd5 Bg4 10. 0-0 Re8 11. h3 Bxf3 12. Bxf3 Na6 13. Re1 Nd7 14. Be3 c4 15. Rc1 Ndc5 16. Be2 Bxc3 17. Rxc3 b5 18. Bd4 Rxe4 19. Bf3 Rxe1+ 20. Qxe1 Nd3 21. Qg3 Qe7 22. Kh2 Nac5 23. f5 Ne4 24. Qg4 Nxc3 25. f6 Qf8 26. Bxc3 Qh6 27. Qd7 Qf4+ 28. Kh1 b4 29. Bxb4 Nxb4 30. Qb7 Re8 31. Qxb4 Qg3 32. Be2 c3 0-1

[Event "Benidorm New Generation U16 06th"]
[Site "Benidorm"]
[Date "2010.12.06"]
[Round "3"]
[White "Villasenor Rubio, Emilio Jose"]
[Black "Iglesias Garcia, Jorge"]
[Result "1-0"]
[WhiteElo "2168"]
[BlackElo "1918"]
[PlyCount "79"]
[EventDate "2010.12.04"]
[EventType "swiss"]
[EventRounds "7"]
[EventCountry "ESP"]
[SourceTitle "EXT 2024"]
[Source "ChessBase"]
[SourceDate "2023.10.10"]
[SourceVersion "1"]
[SourceVersionDate "2023.10.10"]
[SourceQuality "1"]

1. e4 e6 2. d4 d5 3. e5 c5 4. c3 Nc6 5. Nf3 Nge7 6. a3 a5 7. Bd3 Nf5 8. g4 Nh4 9. Nxh4 Qxh4 10. Nd2 cxd4 11. Nf3 Qd8 12. cxd4 Bd7 13. Bd2 Qb6 14. Bc3 Be7 15. Qb1 h6 16. Qc1 Rc8 17. Qd2 Bg5 18. Nxg5 hxg5 19. Bc2 Rh3 20. Rd1 f6 21. Kf1 Kf7 22. Kg2 Rch8 23. Rde1 Qd8 24. Re3 R3h4 25. h3 fxe5 26. dxe5 d4 27. Rd3 Nxe5 28. Rxd4 Bc6+ 29. Be4 Bxe4+ 30. Rxe4 Qxd2 31. Bxd2 Nd3 32. Bxg5 R4h7 33. Rd4 Ne5 34. Re1 Nc6 35. Rd7+ Kg6 36. f4 e5 37. h4 Rxh4 38. Bxh4 Rxh4 39. Kg3 Rh8 40. fxe5 1-0

[Event "ESP-ch U14"]
[Site "Linares"]
[Date "2010.07.15"]
[Round "5"]
[White "Iglesias Garcia, Jorge"]
[Black "Romero Calduch, Sergio"]
[Result "0-1"]
[WhiteElo "1958"]
[BlackElo "1734"]
[PlyCount "78"]
[EventDate "2010.07.13"]
[EventType "swiss"]
[EventRounds "9"]
[EventCountry "ESP"]
[SourceTitle "CBM 137 Extra"]
[Source "ChessBase"]
[SourceDate "2010.09.01"]
[SourceVersion "1"]
[SourceVersionDate "2010.09.01"]
[SourceQuality "1"]

1. d4 e6 2. Nf3 f5 3. c4 Nf6 4. g3 d5 5. Bg2 c6 6. 0-0 Bd6 7. Nbd2 Nbd7 8. b3 0-0 9. Bb2 Ne4 10. Ne5 Ndf6 11. f3 Ng5 12. Bc3 b5 13. Nxc6 Qb6 14. cxb5 Bd7 15. Kh1 Bxc6 16. bxc6 Qxc6 17. Rc1 Rac8 18. f4 Nge4 19. Nxe4 dxe4 20. Bb2 Qa6 21. Qd2 Qxa2 22. Ra1 Qxb3 23. Rfb1 Bb4 24. Qd1 Qxd1+ 25. Rxd1 Rc2 26. Ba3 a5 27. Bxb4 axb4 28. Ra6 Rb8 29. h3 b3 30. Kh2 b2 31. Ra2 Nd5 32. Rb1 Nc3 33. Rbxb2 Rbxb2 34. Ra8+ Kf7 35. Ra7+ Kg6 36. g4 Rxe2 37. gxf5+ Kxf5 38. Ra5+ Kf6 39. f5 Rxg2+ 0-1

[Event "ESP-ch U14"]
[Site "Linares"]
[Date "2010.07.13"]
[Round "2"]
[White "Garcia Castany Musellas, Gal La"]
[Black "Iglesias Garcia, Jorge"]
[Result "1/2-1/2"]
[WhiteElo "1753"]
[BlackElo "1958"]
[PlyCount "89"]
[EventDate "2010.07.13"]
[EventType "swiss"]
[EventRounds "9"]
[EventCountry "ESP"]
[SourceTitle "CBM 137 Extra"]
[Source "ChessBase"]
[SourceDate "2010.09.01"]
[SourceVersion "1"]
[SourceVersionDate "2010.09.01"]
[SourceQuality "1"]

1. e4 e6 2. d4 d5 3. Nd2 dxe4 4. Nxe4 Bd7 5. Bd3 Bc6 6. Nf3 Nd7 7. 0-0 Ngf6 8. Ned2 Bd6 9. c4 b6 10. Re1 0-0 11. Qc2 h6 12. a3 Bb7 13. b4 c5 14. dxc5 bxc5 15. b5 Qc7 16. Bb2 Ng4 17. h3 Nge5 18. Nxe5 Nxe5 19. Be4 Bxe4 20. Nxe4 Ng6 21. Nxd6 Qxd6 22. Qc3 f6 23. Rad1 Qe7 24. Qg3 Kf7 25. f4 Qc7 26. Rxe6 Nxf4 27. Rxf6+ gxf6 28. Qg4 Rad8 29. Rf1 Rg8 30. Qxf4 Qxf4 31. Rxf4 Rd1+ 32. Rf1 Rgd8 33. a4 Rxf1+ 34. Kxf1 Rd2 35. Ba3 Ra2 36. Bxc5 Rxa4 37. Be3 Rxc4 38. Bxa7 Rb4 39. b6 Kg6 40. Ke2 Kg5 41. Kf3 f5 42. Ke3 Kh4 43. Kf3 h5 44. Bb8 Rb3+ 45. Kf4 1/2-1/2

[Event "ESP-ch U14"]
[Site "Linares"]
[Date "2010.07.13"]
[Round "1"]
[White "Iglesias Garcia, Jorge"]
[Black "Garcia Gonzalez, Omar"]
[Result "1-0"]
[WhiteElo "1958"]
[BlackElo "1647"]
[PlyCount "105"]
[EventDate "2010.07.13"]
[EventType "swiss"]
[EventRounds "9"]
[EventCountry "ESP"]
[SourceTitle "CBM 137 Extra"]
[Source "ChessBase"]
[SourceDate "2010.09.01"]
[SourceVersion "1"]
[SourceVersionDate "2010.09.01"]
[SourceQuality "1"]

1. d4 Nf6 2. c4 g6 3. Nc3 Bg7 4. Nf3 0-0 5. Bg5 d6 6. e3 Nbd7 7. Be2 c6 8. 0-0 Nb6 9. Rc1 Bg4 10. b3 Bxf3 11. Bxf3 d5 12. cxd5 Nbxd5 13. Nxd5 cxd5 14. Qd2 e6 15. Bf4 Rc8 16. Rxc8 Qxc8 17. Rc1 Qa8 18. Qc3 Rd8 19. h3 b6 20. Be2 Bf8 21. Bb5 Bd6 22. Bxd6 Rxd6 23. Qc8+ Rd8 24. Qxa8 Rxa8 25. Rc7 a6 26. Bc6 Rb8 27. f3 Nh5 28. g4 Ng7 29. Kf2 h5 30. Ke2 hxg4 31. hxg4 Ne8 32. Bxe8 Rxe8 33. Kd3 Rb8 34. Kc3 a5 35. g5 b5 36. a3 b4+ 37. Kb2 Kg7 38. axb4 axb4 39. Kc2 Rb6 40. Kd3 Kf8 41. e4 dxe4+ 42. Kxe4 Rb5 43. f4 Ke8 44. Rc5 Rb6 45. Kd3 Ke7 46. Kc4 Rd6 47. Rc7+ Ke8 48. Rb7 Rd5 49. Kd3 Rf5 50. Ke4 Kd8 51. Rxb4 Kc7 52. Rc4+ Kd6 53. Rc5 1-0

[Event "Gallego-ch U14"]
[Site "Pontedeume A Coruna"]
[Date "2010.02.13"]
[Round "1.1"]
[White "Iglesias Garcia, Jorge"]
[Black "Grana Gomez, Diego"]
[Result "1-0"]
[WhiteElo "1909"]
[BlackElo "1214"]
[PlyCount "35"]
[EventDate "2010.02.13"]
[EventType "swiss"]
[EventRounds "8"]
[EventCountry "ESP"]
[SourceTitle "EXT 2024"]
[Source "ChessBase"]
[SourceDate "2023.10.10"]
[SourceVersion "1"]
[SourceVersionDate "2023.10.10"]
[SourceQuality "1"]

1. d4 e6 2. Nf3 Be7 3. Bf4 Nf6 4. e3 b6 5. Be2 Bb7 6. c4 d6 7. Nc3 a6 8. 0-0 Nbd7 9. Qc2 Nf8 10. Rfd1 c5 11. dxc5 bxc5 12. e4 Ng6 13. Bg3 Qc7 14. a3 a5 15. Nb5 Qb6 16. Nxd6+ Bxd6 17. Rxd6 Bxe4 18. Qa4+ 1-0